ARRUPE JESUIT UNIVERSITY

CORONAVIRUS -STOP THE SPREAD - CLEAN,DISINFECT,COVER

Genesis / (Record no. 122005)

MARC details
000 -LEADER
fixed length control field 01196cam a22003014a 4500
001 - CONTROL NUMBER
control field 11904665
003 - CONTROL NUMBER IDENTIFIER
control field ARRUPE
005 - DATE AND TIME OF LATEST TRANSACTION
control field 20150219110421.0
008 - FIXED-LENGTH DATA ELEMENTS--GENERAL INFORMATION
fixed length control field 000207s2000 mau b 001 0 eng
010 ## - LIBRARY OF CONGRESS CONTROL NUMBER
LC control number 00023013
020 ## - INTERNATIONAL STANDARD BOOK NUMBER
International Standard Book Number 1565635787 (u.S. : hardcover)
020 ## - INTERNATIONAL STANDARD BOOK NUMBER
International Standard Book Number 1565632117 (U.S. : softcover)
020 ## - INTERNATIONAL STANDARD BOOK NUMBER
International Standard Book Number 0853647224 (U.K. : softcover)
040 ## - CATALOGING SOURCE
Original cataloging agency DLC
Transcribing agency DLC
Modifying agency DLC
042 ## - AUTHENTICATION CODE
Authentication code pcc
050 00 - LIBRARY OF CONGRESS CALL NUMBER
Classification number BS1235.3
Item number .H37 2000
082 00 - DEWEY DECIMAL CLASSIFICATION NUMBER
Classification number 222/.11077
Edition number 21
300 ## - PHYSICAL DESCRIPTION
Dimensions 23 cm.
100 1# - MAIN ENTRY--PERSONAL NAME
Personal name Hartley, John E.
9 (RLIN) 14990
245 10 - TITLE STATEMENT
Title Genesis /
Statement of responsibility, etc John E. Hartley.
260 ## - PUBLICATION, DISTRIBUTION, ETC. (IMPRINT)
Place of publication, distribution, etc Peabody, Mass. :
Name of publisher, distributor, etc Hendrickson Publishers ;
Place of publication, distribution, etc Carlisle, Cumbria :
Name of publisher, distributor, etc Paternoster Press,
Date of publication, distribution, etc c2000.
300 ## - PHYSICAL DESCRIPTION
Extent xvii, 393 p. ;
440 #0 - SERIES STATEMENT/ADDED ENTRY--TITLE
Title New International biblical commentary.
Name of part/section of a work Old Testament series ;
Volume number/sequential designation 1
9 (RLIN) 14991
504 ## - BIBLIOGRAPHY, ETC. NOTE
Bibliography, etc Includes bibliographical references (p. [369]-373) and indexes.
630 00 - SUBJECT ADDED ENTRY--UNIFORM TITLE
Uniform title Bible.
Name of part/section of a work Genesis
Form subdivision Commentaries.
9 (RLIN) 14992
906 ## - LOCAL DATA ELEMENT F, LDF (RLIN)
a 7
b cbc
c orignew
d 1
e ocip
f 20
g y-gencatlg
942 ## - ADDED ENTRY ELEMENTS (KOHA)
Source of classification or shelving scheme Library of Congress Classification
Koha item type Monograph ( Printed materials)
Holdings
Withdrawn status Lost status Source of classification or shelving scheme Damaged status Not for loan Collection code Home library Current library Shelving location Date acquired Total Checkouts Full call number Barcode Date last seen Price effective from Koha item type
    Library of Congress Classification     Main Collection ARRUPE LIBRARY ARRUPE LIBRARY Main Collection 09/02/2015   BS1235.3 .H37 2000 46500001052 07/12/2016 09/02/2015 Monograph ( Printed materials)

 

Arrupe Library. PO Box MP320 Mt Pleasant, Harare, Zimbabwe
263 242 745411|librarian@aju.ac.zw